Digital image processing / (Record no. 176878)
[ view plain ]
| 000 -LEADER | |
|---|---|
| fixed length control field | 00851 a2200241 4500 |
| 003 - CONTROL NUMBER IDENTIFIER | |
| control field | Nust |
| 005 - DATE AND TIME OF LATEST TRANSACTION | |
| control field | 20221117141200.0 |
| 010 ## - LIBRARY OF CONGRESS CONTROL NUMBER | |
| LC control number | 91033360 |
| 020 ## - INTERNATIONAL STANDARD BOOK NUMBER | |
| International Standard Book Number | 0818623616 (microfiche) |
| 020 ## - INTERNATIONAL STANDARD BOOK NUMBER | |
| International Standard Book Number | 0818623624 (casebound) |
| 040 ## - CATALOGING SOURCE | |
| Transcribing agency | Nust |
| 082 00 - DEWEY DECIMAL CLASSIFICATION NUMBER | |
| Classification number | 621.367,CHE |
| 245 00 - TITLE STATEMENT | |
| Title | Digital image processing / |
| Statement of responsibility, etc. | [compiled by] Rama Chellappa. |
| 250 ## - EDITION STATEMENT | |
| Edition statement | Rev. ed. |
| 260 ## - PUBLICATION, DISTRIBUTION, ETC. | |
| Place of publication, distribution, etc. | Los Alamitos, Calif. : |
| Name of publisher, distributor, etc. | IEEE Computer Society Press, |
| Date of publication, distribution, etc. | c1992. |
| 300 ## - PHYSICAL DESCRIPTION | |
| Extent | ix, 801 p. : |
| Other physical details | ill. ; |
| Dimensions | 29 cm. |
| 440 #0 - SERIES STATEMENT/ADDED ENTRY--TITLE | |
| Title | IEEE Computer Society Press tutorial |
| 9 (RLIN) | 94483 |
| 505 ## - FORMATTED CONTENTS NOTE | |
| Formatted contents note | Image Models (Page-1), Image Restoration (Page-260), Image Data Compression (Page-401), Emerging Topics (Page-697). |
| 650 #0 - SUBJECT ADDED ENTRY--TOPICAL TERM | |
| Topical term or geographic name entry element | Image processing |
| General subdivision | Digital techniques. |
| 9 (RLIN) | 673 |
| 700 1# - ADDED ENTRY--PERSONAL NAME | |
| Personal name | Chellappa, Rama. |
| 9 (RLIN) | 101129 |
| 740 0# - ADDED ENTRY--UNCONTROLLED RELATED/ANALYTICAL TITLE | |
| Uncontrolled related/analytical title | Digital image processing and analysis. |
| 942 ## - ADDED ENTRY ELEMENTS (KOHA) | |
| Source of classification or shelving scheme | |
| Koha item type | Book |
| Withdrawn status | Lost status | Source of classification or shelving scheme | Damaged status | Not for loan | Permanent Location | Current Location | Shelving location | Date acquired | Full call number | Barcode | Date last seen | Price effective from | Koha item type | Public note | Total Checkouts |
|---|---|---|---|---|---|---|---|---|---|---|---|---|---|---|---|
| Military College of Signals (MCS) | Military College of Signals (MCS) | Reference | 12/12/2016 | 621.367,CHE | MCS516 | 12/08/2016 | 12/12/2016 | Reference | Almirah No.71, Shelf No.1 | ||||||
| Military College of Signals (MCS) | Military College of Signals (MCS) | General Stacks | 12/12/2016 | 621.367,CHE | MCS517 | 12/08/2016 | 12/12/2016 | Book | Almirah No.30, Shelf No.2 | ||||||
| Military College of Signals (MCS) | Military College of Signals (MCS) | Reference | 02/21/2023 | 621.367,CHE | MCS518 | 02/21/2023 | 02/21/2023 | Reference | Almirah No.71, Shelf No.1 |
